| 000 -LEADER |
| fixed length control field |
01204 a2200301 4500 |
| 003 - CONTROL NUMBER IDENTIFIER |
| control field |
OSt |
| 005 - DATE AND TIME OF LATEST TRANSACTION |
| control field |
20180116192337.0 |
| 008 - FIXED-LENGTH DATA ELEMENTS--GENERAL INFORMATION |
| fixed length control field |
120518t xxu||||| |||| 00| 0 eng d |
| 010 ## - LIBRARY OF CONGRESS CONTROL NUMBER |
| LC control number |
2004014267 |
| 020 ## - INTERNATIONAL STANDARD BOOK NUMBER |
| International Standard Book Number |
0791464113 (hardcover : alk. paper) |
| 040 ## - CATALOGING SOURCE |
| Transcribing agency |
0 |
| 082 00 - DEWEY DECIMAL CLASSIFICATION NUMBER |
| Classification number |
726.201 |
| 100 1# - MAIN ENTRY--PERSONAL NAME |
| Personal name |
Akkach, Samer. |
| 9 (RLIN) |
1759 |
| 245 10 - TITLE STATEMENT |
| Title |
Cosmology and architecture in premodern Islam : |
| Remainder of title |
an architectural reading of mystical ideas / |
| Statement of responsibility, etc. |
Samer Akkach. |
| 260 ## - PUBLICATION, DISTRIBUTION, ETC. |
| Place of publication, distribution, etc. |
Albany : |
| Name of publisher, distributor, etc. |
State University of New York Press, |
| Date of publication, distribution, etc. |
2005. |
| 300 ## - PHYSICAL DESCRIPTION |
| Extent |
xxv, 262 p. : |
| Other physical details |
ill. ; |
| Dimensions |
24 cm. |
| 440 #0 - SERIES STATEMENT/ADDED ENTRY--TITLE |
| Title |
SUNY series in Islam |
| 9 (RLIN) |
1760 |
| 500 ## - GENERAL NOTE |
| General note |
Includes bibliographical refrences and index |
| 505 ## - FORMATTED CONTENTS NOTE |
| Formatted contents note |
PART I : DISCURSIVE ORDER-- PART II: METAPHYSICAL ORDER-- PART III: COSMIC ORDER-- PART IV: ARCHITECTURAL ORDER-- |
| 650 #0 - SUBJECT ADDED ENTRY--TOPICAL TERM |
| Topical term or geographic name entry element |
Islamic art and symbolism. |
| 9 (RLIN) |
1761 |
| 650 #0 - SUBJECT ADDED ENTRY--TOPICAL TERM |
| Topical term or geographic name entry element |
Symbolism in architecture. |
| 9 (RLIN) |
1762 |
| 650 #0 - SUBJECT ADDED ENTRY--TOPICAL TERM |
| Topical term or geographic name entry element |
Islamic architecture. |
| 9 (RLIN) |
1763 |
| 650 #0 - SUBJECT ADDED ENTRY--TOPICAL TERM |
| Topical term or geographic name entry element |
Islamic cosmology. |
| 9 (RLIN) |
1764 |
| 650 #0 - SUBJECT ADDED ENTRY--TOPICAL TERM |
| Topical term or geographic name entry element |
Sufism. |
| 9 (RLIN) |
1765 |
| 856 41 - ELECTRONIC LOCATION AND ACCESS |
| Materials specified |
Table of contents |
| Uniform Resource Identifier |
<a href="http://www.loc.gov/catdir/toc/ecip0418/2004014267.html">http://www.loc.gov/catdir/toc/ecip0418/2004014267.html</a> |
| 942 ## - ADDED ENTRY ELEMENTS (KOHA) |
| Institution code [OBSOLETE] |
SADA |
| Koha item type |
Book |
| Call number prefix |
726.201 AKK 2005 |
| Source of classification or shelving scheme |
|